000 00705nam a2200217 a 4500
008 951027s1990||||[C 0 slo c
020 _a802200183X
_c21 Kčs.
_q(9000 výtl.)
040 _aSNK
_bslo
_cSNK
_eAACR2
041 1 _aslo
_hslo
044 _axo
_cSK
080 _a885.4-3
100 1 _aMoravčík, Štefan
_d1943-
_4aut
245 1 0 _aMlynárka má holubičku
_cŠtefan Moravčík ; Emil Sedlák, Dušan Grečner
250 _a1., vyd.
260 _aBratislava
_bSlovenský spisovateľ
_c1990
_eMartin
_fTlačiarne SNP
300 _a120 s., 4,94 AH
_c20 cm
500 _aRozlož. ilustr. tit. list. Mimo edície.
700 1 _aSedlák, Emil
_4bkd
700 1 _aGrečner, Dušan
_4bkd
958 _aA
999 _c12230
_d12230